000 00360nam a2200133Ia 4500
008 240624s9999 xx 000 0 und d
041 _aeng
082 _a001.42 TED
100 _aTEDDLIE CHARLES
245 _aFOUNDATIONS OF MIXED METHODS RESEARCH IN
260 _c2009
_aNew Delhi
_bSage Publications
300 _aviii, : 387 : p. : cm. ; 25
365 _c
_b30
999 _c12935
_d12935